| 000 | 00587nam a2200181 a 4500 | ||
|---|---|---|---|
| 001 | BRCA_2350 | ||
| 005 | 20190320203753.0 | ||
| 008 | 141008s2004----mx-a---###---#000-0#spa-# | ||
| 020 | _a9703212565 | ||
| 050 | 4 |
_aF1391.T53 _b.O78 2004 |
|
| 100 | 1 |
_aOrtiz Macedo, Luis _91569 |
|
| 245 | 1 | 0 |
_aElogio y nostalgia de Tlalpan _cLuis Ortiz Macedo. |
| 260 |
_aMéxico _bUNAM, Facultad de Arquitectura _c2004 |
||
| 300 |
_a123 p. _bil. (algunas a color) _c32 cm. |
||
| 504 | _aBibliografĂa : p. [125] | ||
| 651 | 4 |
_aTlalpan (Distrito Federal) _xEdificios, estructuras, etc. _97048 |
|
| 942 |
_2lcc _cB |
||
| 999 |
_c2091 _d2091 |
||